[Event "CZE-chT1E 2223"]
[Site "Czech Republic"]
[Date "2022.10.08"]
[Round "1.4"]
[White "Zylka, Stanislaw"]
[Black "Vymazal, Bronislav"]
[Result "1/2-1/2"]
[WhiteElo "2410"]
[BlackElo "2346"]
[PlyCount "89"]
[EventDate "2022.10.08"]
[EventType "team-tourn"]
[EventRounds "11"]
[EventCountry "CZE"]
[SourceTitle "CBM 210 Extra"]
[Source "ChessBase"]
[SourceDate "2022.11.30"]
[SourceVersion "1"]
[SourceVersionDate "2022.11.30"]
[SourceQuality "1"]
[WhiteTeam "Orlova Slavia"]
[BlackTeam "Brno Moravska Slavia II"]
[WhiteTeamCountry "CZE"]
[BlackTeamCountry "CZE"]

1. d4 Nf6 2. c4 d6 3. Nf3 Nc6 4. Nc3 e5 5. Bg5 h6 6. Bh4 exd4 7. Nxd4 g5 8. Bg3 Bg7 9. e3 0-0 10. Be2 Nxd4 11. exd4 Bf5 12. 0-0 Qd7 13. Bf3 Rae8 14. Qb3 Ne4 15. Bxe4 Bxe4 16. Nxe4 Rxe4 17. Qxb7 Rxd4 18. c5 f5 19. f3 dxc5 20. Kh1 c6 21. Qa6 Rd2 22. Rac1 Bd4 23. b4 Re8 24. bxc5 Ree2 25. Rb1 Bb2 26. Bd6 Rxg2 27. Rxb2 Rxb2 28. Re1 Rgc2 29. Qa4 f4 30. Bxf4 Qf7 31. Qxc6 Re2 32. Rxe2 Rxe2 33. Bg3 Qxa2 34. Qg6+ Kh8 35. Qxh6+ Kg8 36. Qg6+ Kh8 37. Be5+ Rxe5 38. Qf6+ Kh7 39. Qxe5 Kg6 40. Qd6+ Kh5 41. c6 Qe2 42. Kg1 Qe1+ 43. Kg2 Qe2+ 44. Kg1 Qe1+ 45. Kg2 1/2-1/2

[Event "CZE-chT 2122"]
[Site "Czech Republic"]
[Date "2022.04.09"]
[Round "14.6"]
[White "Simek, Petr1111"]
[Black "Vymazal, Bronislav"]
[Result "1/2-1/2"]
[WhiteElo "2298"]
[BlackElo "2375"]
[PlyCount "48"]
[EventDate "2021.10.15"]
[EventType "team-tourn"]
[EventRounds "15"]
[EventCountry "CZE"]
[SourceTitle "EXT 2023"]
[Source "ChessBase"]
[SourceDate "2022.10.05"]
[SourceVersion "1"]
[SourceVersionDate "2022.10.05"]
[SourceQuality "1"]
[WhiteTeam "Unichess"]
[BlackTeam "Brno Moravska Slavia"]
[WhiteTeamCountry "CZE"]
[BlackTeamCountry "CZE"]

1. d4 f5 2. c4 Nf6 3. Nc3 e6 4. a3 d5 5. Bf4 Be7 6. e3 0-0 7. Nf3 c6 8. Bd3 Ne4 9. h3 Nd7 10. 0-0 Bf6 11. Rc1 a5 12. Qc2 Qe7 13. Bh2 g6 14. Ne2 Kh8 15. c5 Re8 16. Rfd1 Nexc5 17. dxc5 e5 18. Nfd4 exd4 19. exd4 Qg7 20. Qc3 Nf8 21. Re1 g5 22. Bd6 f4 23. Bc2 Bd7 24. Rcd1 Re6 1/2-1/2

[Event "CZE-chT 2122"]
[Site "Czech Republic"]
[Date "2022.02.27"]
[Round "12.2"]
[White "Valtr, Tomas"]
[Black "Vymazal, Bronislav"]
[Result "0-1"]
[WhiteElo "1923"]
[BlackElo "2375"]
[PlyCount "110"]
[EventDate "2021.10.15"]
[EventType "team-tourn"]
[EventRounds "15"]
[EventCountry "CZE"]
[SourceTitle "EXT 2023"]
[Source "ChessBase"]
[SourceDate "2022.10.05"]
[SourceVersion "1"]
[SourceVersionDate "2022.10.05"]
[SourceQuality "1"]
[WhiteTeam "Lysa nad Labem"]
[BlackTeam "Brno Moravska Slavia"]
[WhiteTeamCountry "CSR"]
[BlackTeamCountry "CZE"]

1. d4 Nf6 2. Nf3 b5 3. e3 a6 4. Bd3 Bb7 5. Nbd2 e6 6. 0-0 c5 7. c3 Be7 8. Qe2 Nc6 9. dxc5 Bxc5 10. e4 d6 11. Nb3 Bb6 12. Nbd4 0-0 13. Bg5 Qc7 14. Bxf6 gxf6 15. Nxc6 Qxc6 16. Qd2 Kg7 17. Qf4 Rg8 18. Qh4 Bd8 19. Qh3 Kh8 20. Kh1 Rg7 21. Nd4 Qc5 22. f4 f5 23. Rae1 Bf6 24. Qe3 Rag8 25. g3 b4 26. Nb3 Qxe3 27. Rxe3 bxc3 28. bxc3 Bxc3 29. Kg1 fxe4 30. Bxe4 Bxe4 31. Rxc3 h5 32. Kf2 h4 33. Re1 Bd5 34. Rd1 hxg3+ 35. hxg3 Rh7 36. Rd2 Rh2+ 37. Ke1 Rh1+ 38. Ke2 Rg1 39. Rc7 f5 40. Rd7 R8xg3 41. Rxd6 Rh3 42. Nc5 Rc3 43. Nd3 a5 44. Ne5 Ra3 45. Rd8+ Kg7 46. Rd7+ Kf8 47. Rd8+ Ke7 48. Rd7+ Ke8 49. Rd6 Rg2+ 50. Kd1 Rxa2 51. Rxa2 Rxa2 52. Ra6 a4 53. Ra7 a3 54. Kc1 Ra1+ 55. Kc2 a2 0-1

[Event "CZE-chT 2122"]
[Site "Czech Republic"]
[Date "2021.11.07"]
[Round "4.6"]
[White "Gnojek, Petr"]
[Black "Vymazal, Bronislav"]
[Result "1/2-1/2"]
[WhiteElo "2271"]
[BlackElo "2375"]
[PlyCount "59"]
[EventDate "2021.10.15"]
[EventType "team-tourn"]
[EventRounds "15"]
[EventCountry "CZE"]
[SourceTitle "EXT 2023"]
[Source "ChessBase"]
[SourceDate "2022.10.05"]
[SourceVersion "1"]
[SourceVersionDate "2022.10.05"]
[SourceQuality "1"]
[WhiteTeam "Frydek Mistek II"]
[BlackTeam "Brno Moravska Slavia"]
[WhiteTeamCountry "CZE"]
[BlackTeamCountry "CZE"]

1. d4 Nf6 2. c4 g6 3. f3 Bg7 4. e4 d6 5. Nc3 0-0 6. Be3 a6 7. Qd2 Nc6 8. Nge2 Na5 9. Nc1 Nd7 10. Be2 c5 11. dxc5 dxc5 12. Nb3 b5 13. Nxc5 Nxc4 14. Bxc4 bxc4 15. Rd1 Qa5 16. Nxd7 Bxd7 17. Qxd7 Rad8 18. Qxe7 Bxc3+ 19. bxc3 Rxd1+ 20. Kxd1 Qxc3 21. Qg5 h6 22. Qxh6 Qa1+ 23. Bc1 Rd8+ 24. Ke2 Qxa2+ 25. Bd2 c3 26. Rd1 Qc4+ 27. Ke1 Qd4 28. Ke2 Qd3+ 29. Ke1 Qd4 30. Ke2 1/2-1/2

[Event "CZE-chT 2122"]
[Site "Czech Republic"]
[Date "2021.11.06"]
[Round "3.6"]
[White "Vymazal, Bronislav"]
[Black "Virostko, Petr"]
[Result "1/2-1/2"]
[WhiteElo "2375"]
[BlackElo "2352"]
[PlyCount "108"]
[EventDate "2021.10.15"]
[EventType "team-tourn"]
[EventRounds "15"]
[EventCountry "CZE"]
[SourceTitle "EXT 2023"]
[Source "ChessBase"]
[SourceDate "2022.10.05"]
[SourceVersion "1"]
[SourceVersionDate "2022.10.05"]
[SourceQuality "1"]
[WhiteTeam "Brno Moravska Slavia"]
[BlackTeam "Frydek Mistek"]
[WhiteTeamCountry "CZE"]
[BlackTeamCountry "CZE"]

1. e4 e5 2. Nf3 Nc6 3. Bb5 a6 4. Ba4 Nf6 5. 0-0 Nxe4 6. d4 b5 7. Bb3 d5 8. dxe5 Be6 9. Qe2 Bc5 10. Nbd2 Nxd2 11. Bxd2 0-0 12. a4 b4 13. a5 Bg4 14. Be3 Bxf3 15. Qxf3 Nxe5 16. Qxd5 Bxe3 17. fxe3 Qxd5 18. Bxd5 Rad8 19. Rad1 c6 20. Bb3 Rfe8 21. h3 Kf8 22. Kf2 Ke7 23. Rd4 c5 24. Rd5 Rxd5 25. Bxd5 Rb8 26. b3 c4 27. Bxc4 Nxc4 28. bxc4 Rc8 29. Ke2 Rxc4 30. Kd3 Rc3+ 31. Kd2 Rc5 32. Rf4 Rd5+ 33. Ke2 Rb5 34. Rc4 Kd6 35. Rd4+ Ke5 36. Rc4 Rxa5 37. Rxb4 Rc5 38. Kd3 Rc7 39. Re4+ Kd5 40. c4+ Kc6 41. Re5 Ra7 42. Kc3 a5 43. Kb3 a4+ 44. Ka3 f6 45. Rd5 Re7 46. Kxa4 Rxe3 47. Kb4 Re2 48. g4 Rb2+ 49. Kc3 Rh2 50. Rh5 h6 51. Kd4 Rf2 52. Ke3 Rc2 53. Kd4 Rf2 54. Ke3 Rc2 1/2-1/2

[Event "CZE-ch Betsys Online Blitz"]
[Site "Chess.com INT"]
[Date "2021.04.17"]
[Round "4"]
[White "Vaculik, Jakub"]
[Black "Vymazal, Bronislav"]
[Result "0-1"]
[WhiteElo "2145"]
[BlackElo "2350"]
[PlyCount "208"]
[EventDate "2021.04.17"]
[EventType "swiss (blitz)"]
[EventRounds "13"]
[EventCountry "CZE"]
[SourceTitle "CBM 201 Extra"]
[Source "ChessBase"]
[SourceDate "2021.05.31"]
[SourceVersion "1"]
[SourceVersionDate "2021.05.31"]
[SourceQuality "1"]

1. e4 c5 2. c3 d5 3. e5 Nc6 4. f4 h5 5. Nf3 Bf5 6. d4 e6 7. Be3 cxd4 8. Nxd4 Nge7 9. Nd2 Nxd4 10. Bxd4 Nc6 11. Nf3 Be7 12. Bd3 g6 13. 0-0 a6 14. Qd2 Qc7 15. a4 Na5 16. Qc2 Rc8 17. Bxf5 gxf5 18. Qf2 Nb3 19. Rad1 Qc4 20. Nd2 Qxa4 21. Nxb3 Qxb3 22. Rd3 Qb5 23. Rh3 h4 24. Re3 Rg8 25. g3 Qc4 26. Rfe1 b5 27. Qe2 b4 28. Qxc4 Rxc4 29. Kf2 Kd7 30. Ra1 Ra8 31. b3 Rc6 32. cxb4 Bxb4 33. gxh4 a5 34. Re2 Rh8 35. Kg3 Rcc8 36. Raa2 Rcg8+ 37. Kh3 Rg4 38. Bf2 Be7 39. Bg3 Bxh4 40. Kg2 Rhg8 41. Kf3 Bxg3 42. hxg3 Rxg3+ 43. Kf2 Rxb3 44. Rxa5 Rgb8 45. Ra7+ R8b7 46. Rea2 Rxa7 47. Rxa7+ Ke8 48. Ke2 Kf8 49. Kf2 Kg7 50. Ke2 Kg6 51. Rc7 Rb6 52. Kf3 f6 53. exf6 Kxf6 54. Rc8 Rb3+ 55. Kf2 Kg6 56. Rc6 Kf6 57. Ra6 Ke7 58. Ra7+ Kd6 59. Ra6+ Kd7 60. Ra7+ Kc6 61. Ra6+ Rb6 62. Ra8 Kc5 63. Ke3 Rb3+ 64. Kd2 Kd4 65. Ra4+ Kc5 66. Ra6 Rb6 67. Ra5+ Kc4 68. Ra4+ Kc5 69. Ra5+ Kd6 70. Ra8 Rb4 71. Ke3 Kc5 72. Re8 Rb6 73. Re7 Kb5 74. Re8 Kc5 75. Re7 Rc6 76. Re8 Kd6 77. Rf8 Rc3+ 78. Ke2 Rc4 79. Kf3 Rc3+ 80. Kf2 Kc5 81. Rc8+ Kd4 82. Re8 Rc6 83. Kf3 Rc3+ 84. Kf2 Ke4 85. Rxe6+ Kxf4 86. Rd6 Rc2+ 87. Ke1 Ke4 88. Re6+ Kf3 89. Rd6 Rc5 90. Rd8 f4 91. Ra8 Rc3 92. Rd8 Rd3 93. Rh8 Ke3 94. Re8+ Kf3 95. Rh8 Re3+ 96. Kd2 d4 97. Rd8 Re2+ 98. Kd3 Re1 99. Rxd4 Rd1+ 100. Kc4 Rxd4+ 101. Kxd4 Ke2 102. Ke4 f3 103. Kf4 f2 104. Kg4 f1Q 0-1

[Event "CZE-ch Betsys Online Blitz"]
[Site "Chess.com INT"]
[Date "2021.04.17"]
[Round "11"]
[White "Vymazal, Bronislav"]
[Black "Rubes, Jan"]
[Result "0-1"]
[WhiteElo "2350"]
[BlackElo "2400"]
[PlyCount "104"]
[EventDate "2021.04.17"]
[EventType "swiss (blitz)"]
[EventRounds "13"]
[EventCountry "CZE"]
[SourceTitle "CBM 201 Extra"]
[Source "ChessBase"]
[SourceDate "2021.05.31"]
[SourceVersion "1"]
[SourceVersionDate "2021.05.31"]
[SourceQuality "1"]

1. e4 c5 2. Nf3 Nc6 3. Bb5 e6 4. 0-0 Nge7 5. c3 a6 6. Ba4 b5 7. Bc2 Bb7 8. Qe2 Ng6 9. d4 cxd4 10. cxd4 Be7 11. a4 0-0 12. Be3 Nb4 13. Nc3 Nxc2 14. Qxc2 b4 15. Ne2 Rc8 16. Qd2 Bxe4 17. Ne1 a5 18. Ng3 Bb7 19. Nd3 d6 20. Rfe1 Qd7 21. Rad1 Rc7 22. Qe2 Rfc8 23. Qh5 Qxa4 24. Ra1 Qc2 25. Red1 Bd5 26. h3 a4 27. Nxb4 Qb3 28. Nxd5 exd5 29. Nf5 Bf8 30. Ra3 Qxb2 31. Rxa4 Rb8 32. Qf3 Qc2 33. Raa1 Qe4 34. Qh5 Rcb7 35. Ng3 Qe6 36. Re1 Qf6 37. Qxd5 h6 38. Kh2 Rb5 39. Qe4 Rb2 40. Rac1 Ra2 41. Nf5 Rab2 42. Qf3 R2b5 43. g4 d5 44. Rc7 Bd6+ 45. Nxd6 Qxf3 46. Nxb5 Rxb5 47. Rec1 Kh7 48. R1c2 Rb1 49. Rc1 Rxc1 50. Rxc1 Nf4 51. Bxf4 Qxf4+ 52. Kg2 Qxc1 0-1

[Event "World Corporate East B"]
[Site "Chess.com INT"]
[Date "2021.02.19"]
[Round "2.3"]
[White "Vymazal, Bronislav"]
[Black "Ravichandran, Siddharth"]
[Result "0-1"]
[WhiteElo "2350"]
[BlackElo "2352"]
[PlyCount "130"]
[EventDate "2021.02.19"]
[EventType "team (rapid)"]
[EventRounds "7"]
[EventCountry "USA"]
[SourceTitle "EXT 2022"]
[Source "ChessBase"]
[SourceDate "2021.10.06"]
[SourceVersion "1"]
[SourceVersionDate "2021.10.06"]
[SourceQuality "1"]
[WhiteTeam "Erste Group"]
[BlackTeam "NTT Data Services"]
[WhiteTeamCountry "AUT"]
[BlackTeamCountry "IND"]

1. e4 c5 2. Nf3 d6 3. d4 cxd4 4. Nxd4 Nf6 5. Nc3 a6 6. Bg5 e6 7. f4 Be7 8. Qf3 Nbd7 9. Bc4 h6 10. Bxf6 Bxf6 11. 0-0-0 Qb6 12. Nxe6 fxe6 13. Bxe6 Nc5 14. Qh5+ Kd8 15. e5 Bxe6 16. Rxd6+ Qxd6 17. exd6 Rc8 18. Rd1 Rc6 19. Nd5 Bxd5 20. Qxd5 Nd7 21. Re1 Kc8 22. g4 Rd8 23. g5 hxg5 24. fxg5 Rc5 25. Qe6 Bxg5+ 26. Kb1 Bf6 27. c3 Kb8 28. a3 Nb6 29. Rd1 Rc6 30. h3 Nc8 31. Ka2 Rb6 32. Qg4 Rbxd6 33. Rxd6 Nxd6 34. Qg3 Ka8 35. Qg4 Nb5 36. Qf4 Re8 37. a4 Na7 38. Qf3 Nc6 39. Qg4 Ne5 40. Qe4 Rd8 41. Qg2 Rd3 42. Qf1 Rf3 43. Qg2 Rf4 44. Qg3 Rxa4+ 45. Kb3 Ra5 46. Qe3 Rb5+ 47. Ka2 Ra5+ 48. Kb1 Rd5 49. Qe4 Rd3 50. Qb4 Rd8 51. c4 Nc6 52. Qb6 Rd2 53. b3 Nd4 54. Kc1 Rc2+ 55. Kd1 Rb2 56. Qc5 Nxb3 57. Qc8+ Ka7 58. c5 Rd2+ 59. Ke1 Rc2 60. Qg8 Nxc5 61. Qh7 Rc3 62. h4 Rh3 63. h5 Nd3+ 64. Kf1 Ne5 65. Qf5 Rf3+ 0-1

[Event "SVK-chT1W 1920"]
[Site "Slovakia"]
[Date "2020.06.21"]
[Round "11.2"]
[White "Vymazal, Bronislav"]
[Black "Jakab, Bela"]
[Result "1-0"]
[WhiteElo "2348"]
[BlackElo "2326"]
[PlyCount "113"]
[EventDate "2019.10.12"]
[EventType "team-tourn"]
[EventRounds "11"]
[EventCountry "SVK"]
[SourceTitle "EXT 2022"]
[Source "ChessBase"]
[SourceDate "2021.10.06"]
[SourceVersion "1"]
[SourceVersionDate "2021.10.06"]
[SourceQuality "1"]
[WhiteTeam "Bratislava Lokomotiva"]
[BlackTeam "Komarno"]
[WhiteTeamCountry "SVK"]
[BlackTeamCountry "SVK"]

1. e4 e6 2. d4 d5 3. exd5 exd5 4. c4 Nf6 5. Nc3 c6 6. Nf3 Bg4 7. Be3 Nbd7 8. Qb3 Qb6 9. Ne5 dxc4 10. Qc2 Be6 11. Nxd7 Bxd7 12. Bxc4 Bd6 13. 0-0 0-0 14. h3 Qa5 15. Rad1 Qh5 16. d5 Bxh3 17. gxh3 Qe5 18. Rfe1 Qh2+ 19. Kf1 Qxh3+ 20. Ke2 Qg4+ 21. Kd3 b5 22. Bb3 b4 23. Ne2 cxd5 24. Rg1 Qd7 25. Kd2 Rfc8 26. Qd3 Bc5 27. Nd4 Ne4+ 28. Ke2 Re8 29. Nc2 Qh3 30. Bxd5 Rad8 31. Qc4 Qh5+ 32. Ke1 Qf3 33. Qe2 Qf5 34. Qg4 Qxf2+ 35. Bxf2 Nxf2+ 36. Kf1 Nxg4 37. Rxg4 Kf8 38. Rc4 Bb6 39. Nxb4 Re5 40. Rf4 f6 41. Bb3 Rde8 42. Nd5 Bc5 43. Nc7 Rc8 44. Ne6+ Ke7 45. Nxg7 h5 46. Nf5+ Ke8 47. Ng7+ Ke7 48. Rd5 Rxd5 49. Bxd5 Bd6 50. Rc4 Rxc4 51. Bxc4 Be5 52. b3 Kd6 53. Nxh5 Kc5 54. Ke2 Kb4 55. a4 f5 56. Kf3 a5 57. Ng3 1-0

[Event "CZE-chT1E 1920"]
[Site "Czech Republic"]
[Date "2020.06.14"]
[Round "11.3"]
[White "Vymazal, Bronislav"]
[Black "Novotny, Josef1111"]
[Result "1-0"]
[WhiteElo "2347"]
[BlackElo "1959"]
[PlyCount "79"]
[EventDate "2019.10.20"]
[EventType "team-tourn"]
[EventRounds "11"]
[EventCountry "CZE"]
[SourceTitle "EXT 2021"]
[Source "ChessBase"]
[SourceDate "2020.10.23"]
[SourceVersion "1"]
[SourceVersionDate "2020.10.23"]
[SourceQuality "1"]
[WhiteTeam "Brno Moravska Slavia II"]
[BlackTeam "Rychnov nad Kneznou"]
[WhiteTeamCountry "CZE"]
[BlackTeamCountry "CZE"]

1. e4 e6 2. d4 d6 3. c4 Nf6 4. Nc3 Nc6 5. Nf3 Be7 6. Bd3 e5 7. d5 Nb8 8. h3 0-0 9. Be3 Nbd7 10. Qd2 a6 11. 0-0 Ne8 12. b4 g6 13. Na4 f5 14. Bh6 Ng7 15. Ng5 Bxg5 16. Bxg5 Qe8 17. exf5 gxf5 18. f4 e4 19. Be2 Nf6 20. Nc3 Ngh5 21. Kh2 Qg6 22. Nd1 Bd7 23. Ne3 Rae8 24. Rac1 Rf7 25. Qe1 h6 26. Bh4 Kh7 27. Qf2 Rg8 28. Rg1 Rfg7 29. g3 Qe8 30. Rg2 Qa8 31. Rcg1 Rf7 32. Qe1 Qa7 33. Qd2 Ng7 34. g4 fxg4 35. hxg4 Rff8 36. Qc3 Nfe8 37. f5 Qb8 38. Qd4 c5 39. Qxe4 Nf6 40. Qe7 1-0

[Event "SVK-chT 1920"]
[Site "Slovakia"]
[Date "2020.01.18"]
[Round "5.6"]
[White "Vymazal, Bronislav"]
[Black "Kostolansky, Sebastian Lukas"]
[Result "1-0"]
[WhiteElo "2397"]
[BlackElo "2420"]
[PlyCount "85"]
[EventDate "2019.10.19"]
[EventType "team-tourn"]
[EventRounds "11"]
[EventCountry "SVK"]
[SourceTitle "CBM 194 Extra"]
[Source "ChessBase"]
[SourceDate "2020.03.31"]
[SourceVersion "1"]
[SourceVersionDate "2020.03.31"]
[SourceQuality "1"]
[WhiteTeam "Podhajska Aquamarin"]
[BlackTeam "Bratislava Slovan"]
[WhiteTeamCountry "SVK"]
[BlackTeamCountry "SVK"]

1. e4 g6 2. d4 Bg7 3. Nc3 d6 4. Be3 Nf6 5. Qd2 0-0 6. f3 c6 7. g4 h5 8. h3 b5 9. Nge2 Nbd7 10. Bg5 b4 11. Nd1 c5 12. Ne3 Bb7 13. Bg2 cxd4 14. Nxd4 Nh7 15. h4 Nxg5 16. hxg5 h4 17. Nd5 e6 18. Nxb4 Qb6 19. c3 Ne5 20. 0-0-0 a5 21. Nd3 Nxd3+ 22. Qxd3 Ba6 23. Qd2 Rab8 24. Bf1 Rfc8 25. Kb1 Bb7 26. Rh2 d5 27. exd5 Bxd5 28. f4 Qc5 29. Ka1 a4 30. Rh3 a3 31. b3 e5 32. Ne2 Be6 33. f5 gxf5 34. gxf5 Bxf5 35. Rxh4 Qf2 36. Qe1 Rd8 37. Rc1 Qe3 38. Ng3 Qxe1 39. Rxe1 e4 40. Rc1 Bxc3+ 41. Kb1 Bg6 42. Rxc3 Bf5 43. Rc1 1-0

[Event "CZE-chT1E 1920"]
[Site "Czech Republic"]
[Date "2020.01.05"]
[Round "5.6"]
[White "Vymazal, Bronislav"]
[Black "Rabatin, Jakub"]
[Result "0-1"]
[WhiteElo "2347"]
[BlackElo "2303"]
[PlyCount "116"]
[EventDate "2019.10.20"]
[EventType "team-tourn"]
[EventRounds "11"]
[EventCountry "CZE"]
[SourceTitle "CBM 194 Extra"]
[Source "ChessBase"]
[SourceDate "2020.03.31"]
[SourceVersion "1"]
[SourceVersionDate "2020.03.31"]
[SourceQuality "1"]
[WhiteTeam "Brno Moravska Slavia II"]
[BlackTeam "Frydek Mistek II"]
[WhiteTeamCountry "CZE"]
[BlackTeamCountry "CZE"]

1. e4 e6 2. Qe2 c5 3. g3 Nc6 4. Nf3 g6 5. Bg2 Bg7 6. d3 Nge7 7. h4 h6 8. c3 d5 9. e5 Qc7 10. Bf4 b6 11. Na3 Ba6 12. 0-0 g5 13. hxg5 Ng6 14. c4 Nxf4 15. gxf4 hxg5 16. cxd5 exd5 17. Nxg5 0-0-0 18. Nc2 Bh6 19. Rfe1 Rdg8 20. Qg4+ Kb8 21. d4 Qd8 22. Re3 Bxg5 23. fxg5 Rxg5 24. Qf4 Rh4 25. Qxf7 cxd4 26. Rg3 Nxe5 27. Qxd5 Qxd5 28. Bxd5 Rxg3+ 29. fxg3 Rg4 30. Nb4 Be2 31. Kf2 d3 32. Nc6+ Nxc6 33. Bxc6 Rc4 34. Bb5 Rc2 35. Ke3 d2 36. Bxe2 Rc1 37. Kxd2 Rxa1 38. a3 Rg1 39. g4 Rg3 40. Bd1 Kc7 41. Kc2 Kd6 42. Kb1 Ke5 43. Ka2 Kd4 44. Be2 Ke3 45. Bb5 Rxg4 46. a4 Kd2 47. Ka3 a5 48. Bd7 Rg3+ 49. Ka2 Kc1 50. Bc6 Rh3 51. Ka1 Rh2 52. b3 Kc2 53. Ka2 Kc3+ 54. Ka3 Rf2 55. Bd5 Rf1 56. Ka2 Kb4 57. Bc4 Rf2+ 58. Kb1 Kc3 0-1

[Event "CZE-chT 1920"]
[Site "Czech Republic"]
[Date "2019.12.01"]
[Round "4.1"]
[White "Vymazal, Bronislav"]
[Black "Nguyen, Thai Dai Van"]
[Result "0-1"]
[WhiteElo "2347"]
[BlackElo "2545"]
[PlyCount "108"]
[EventDate "2019.10.12"]
[EventType "team-tourn"]
[EventRounds "11"]
[EventCountry "CZE"]
[SourceTitle "CBM 193 Extra"]
[Source "ChessBase"]
[SourceDate "2020.01.31"]
[SourceVersion "1"]
[SourceVersionDate "2020.01.31"]
[SourceQuality "1"]
[WhiteTeam "Brno Moravska Slavia"]
[BlackTeam "Novy Bor"]
[WhiteTeamCountry "CZE"]
[BlackTeamCountry "CZE"]

1. e4 c5 2. Nf3 Nc6 3. Bb5 g6 4. Bxc6 bxc6 5. 0-0 Bg7 6. Re1 Nh6 7. c3 0-0 8. d4 cxd4 9. cxd4 d5 10. e5 f6 11. e6 Nf5 12. Nc3 Qd6 13. Qe2 a5 14. Na4 Qb4 15. b3 Nxd4 16. Nxd4 Qxd4 17. Ba3 Qe4 18. Qd2 Qf5 19. Bxe7 Re8 20. Nb6 Rb8 21. Nxc8 Rbxc8 22. Bc5 Rxe6 23. Rxe6 Qxe6 24. Re1 Qd7 25. Re7 Qf5 26. Qxa5 Bf8 27. Re1 d4 28. Bb6 Qxa5 29. Bxa5 Ra8 30. Bb6 Bb4 31. Rd1 c5 32. a4 Kf7 33. Bc7 Ke6 34. Kf1 Kd5 35. Ke2 c4 36. bxc4+ Kxc4 37. a5 Bxa5 38. Bxa5 Rxa5 39. Rc1+ Kd5 40. Rc8 Rc5 41. Rd8+ Kc4 42. Kd2 Ra5 43. Ke2 Ra2+ 44. Kf3 d3 45. Rd7 h5 46. h3 Ra6 47. Rc7+ Kd4 48. g4 hxg4+ 49. hxg4 Re6 50. Rd7+ Kc3 51. Rc7+ Kb2 52. Kg2 d2 53. Rb7+ Kc2 54. Rc7+ Kd3 0-1

[Event "CZE-chT1E 1920"]
[Site "Czech Republic"]
[Date "2019.11.24"]
[Round "3.6"]
[White "Simacek, Pavel"]
[Black "Vymazal, Bronislav"]
[Result "1-0"]
[WhiteElo "2481"]
[BlackElo "2347"]
[PlyCount "101"]
[EventDate "2019.10.20"]
[EventType "team-tourn"]
[EventRounds "11"]
[EventCountry "CZE"]
[SourceTitle "CBM 193 Extra"]
[Source "ChessBase"]
[SourceDate "2020.01.31"]
[SourceVersion "1"]
[SourceVersionDate "2020.01.31"]
[SourceQuality "1"]
[WhiteTeam "Vsetin"]
[BlackTeam "Brno Moravska Slavia II"]
[WhiteTeamCountry "CZE"]
[BlackTeamCountry "CZE"]

1. Nf3 f5 2. d4 Nf6 3. g3 g6 4. Bg2 Bg7 5. 0-0 0-0 6. b3 d6 7. Bb2 Ne4 8. Nbd2 Nc6 9. Ne1 Ng5 10. f4 Nf7 11. Nc4 e6 12. e3 Rb8 13. Bxc6 bxc6 14. Na5 Qe8 15. Nd3 c5 16. dxc5 Bxb2 17. Nxb2 Qb5 18. Qd2 Qxc5 19. Na4 Qb5 20. c4 Qe8 21. Rad1 Bb7 22. Nxb7 Rxb7 23. e4 c6 24. e5 d5 25. Nc5 Re7 26. b4 Qb8 27. a4 a5 28. cxd5 cxd5 29. b5 Rc8 30. Qd4 Nd8 31. Na6 Qb7 32. Rc1 Kf7 33. Rfd1 Ke8 34. Rc5 Rxc5 35. Qxc5 Rd7 36. Rd2 h6 37. Rd4 g5 38. Kf2 gxf4 39. gxf4 Rg7 40. Qd6 Rd7 41. Nc5 Rxd6 42. Nxb7 Nxb7 43. exd6 Kd7 44. Rd1 Nxd6 45. Ke3 Nc4+ 46. Kd4 Nb6 47. Rc1 Nxa4 48. Ra1 Nb6 49. Rxa5 Kc7 50. Ra7+ Kd6 51. Ra6 1-0

[Event "Blansko"]
[Site "Blansko"]
[Date "2019.09.23"]
[Round "3"]
[White "Kociscak, Jiri"]
[Black "Vymazal, Bronislav"]
[Result "1/2-1/2"]
[WhiteElo "2499"]
[BlackElo "2347"]
[PlyCount "87"]
[EventDate "2019.09.21"]
[EventType "tourn"]
[EventRounds "9"]
[EventCountry "CZE"]
[EventCategory "8"]
[SourceTitle "EXT 2020"]
[Source "ChessBase"]
[SourceDate "2019.10.17"]
[SourceVersion "1"]
[SourceVersionDate "2019.10.17"]
[SourceQuality "1"]

1. d4 g6 2. c4 Bg7 3. e4 c5 4. d5 e6 5. Nc3 exd5 6. exd5 d6 7. Bd3 Ne7 8. h3 Bf5 9. Nf3 Nd7 10. 0-0 0-0 11. Bg5 Nf6 12. Re1 h6 13. Bf4 a6 14. a4 Re8 15. Bf1 g5 16. Bh2 Ng6 17. Rxe8+ Nxe8 18. Bd3 Qf6 19. Qc2 Bxd3 20. Qxd3 Nf4 21. Bxf4 Qxf4 22. Re1 Rb8 23. b3 Bxc3 24. Qxc3 b5 25. axb5 axb5 26. Nd2 Nf6 27. Re3 bxc4 28. Rf3 Ne4 29. Nxe4 Qxe4 30. bxc4 Rb4 31. Qf6 Qe1+ 32. Kh2 Qe5+ 33. Qxe5 dxe5 34. d6 Kg7 35. Rd3 Rb8 36. Rd5 Rd8 37. Kg3 Kf6 38. Kg4 Ke6 39. Kh5 f5 40. Kxh6 Kf6 41. Kh7 Rd7+ 42. Kh6 Rd8 43. Kh7 Rd7+ 44. Kh6 1/2-1/2

[Event "SVK-chT1W 1819"]
[Site "Slovakia"]
[Date "2019.02.23"]
[Round "8.2"]
[White "Vymazal, Bronislav"]
[Black "Kovac, Lubomir2222"]
[Result "1/2-1/2"]
[WhiteElo "2367"]
[BlackElo "2113"]
[PlyCount "77"]
[EventDate "2018.10.27"]
[EventType "team-tourn"]
[EventRounds "11"]
[EventCountry "SVK"]
[SourceTitle "CBM 189 Extra"]
[Source "ChessBase"]
[SourceDate "2019.06.03"]
[SourceVersion "1"]
[SourceVersionDate "2019.06.03"]
[SourceQuality "1"]
[WhiteTeam "Bratislava Lokomotiva"]
[BlackTeam "Sala Slovan Duslo"]
[WhiteTeamCountry "SVK"]
[BlackTeamCountry "SVK"]

1. e4 e5 2. Nf3 Nc6 3. Bb5 a6 4. Ba4 Nf6 5. d3 b5 6. Bb3 Be7 7. 0-0 0-0 8. Nc3 d6 9. a3 Bg4 10. Be3 Rb8 11. Nd5 Nxd5 12. Bxd5 Nd4 13. Bxd4 exd4 14. h3 Bxf3 15. Qxf3 Qd7 16. Qh5 c6 17. Bb3 Rbd8 18. a4 Bf6 19. f4 g6 20. Qf3 Kh8 21. g4 Bg7 22. f5 gxf5 23. Qxf5 Qxf5 24. Rxf5 Rd7 25. axb5 axb5 26. Ra6 Rc7 27. Kf2 Be5 28. Ke2 Kg7 29. Kd2 Rb8 30. h4 h6 31. Ke2 Bf6 32. Rh5 Re8 33. Kf3 Re5 34. Rxe5 Bxe5 35. Rb6 Bf6 36. Kg3 Be5+ 37. Kf3 Bf6 38. Kg3 Be5+ 39. Kf3 1/2-1/2

[Event "CZE-chT 1819"]
[Site "Czech Republic"]
[Date "2019.01.12"]
[Round "5.5"]
[White "Zilka, Stepan"]
[Black "Vymazal, Bronislav"]
[Result "1/2-1/2"]
[WhiteElo "2533"]
[BlackElo "2330"]
[PlyCount "93"]
[EventDate "2018.11.03"]
[EventType "team-tourn"]
[EventRounds "11"]
[EventCountry "CZE"]
[SourceTitle "CBM 188 Extra"]
[Source "ChessBase"]
[SourceDate "2019.02.26"]
[SourceVersion "1"]
[SourceVersionDate "2019.02.26"]
[SourceQuality "1"]
[WhiteTeam "Novoborsky"]
[BlackTeam "Brno Moravska Slavia"]
[WhiteTeamCountry "CZE"]
[BlackTeamCountry "CZE"]

1. Nf3 f5 2. d3 Nc6 3. e4 e5 4. Nc3 Nf6 5. exf5 d5 6. d4 exd4 7. Nxd4 Nxd4 8. Qxd4 Bxf5 9. Bg5 Bxc2 10. Rc1 Bg6 11. Bd3 Bxd3 12. Qxd3 c6 13. 0-0 Be7 14. Rfe1 0-0 15. Qh3 Rf7 16. Rcd1 Qf8 17. Qe6 Kh8 18. Be3 Bd6 19. g3 Re8 20. Qh3 Rfe7 21. Qf1 b6 22. Bg5 Bc5 23. Rxe7 Qxe7 24. Na4 Bd6 25. Rc1 b5 26. Nc3 a6 27. Nd1 c5 28. Ne3 d4 29. Nc2 Qf7 30. Bxf6 Qxf6 31. Re1 Rxe1 32. Qxe1 Qe5 33. Qa5 h6 34. Qxa6 c4 35. a4 d3 36. Ne3 d2 37. axb5 Kh7 38. Qc8 Bc5 39. Nd1 Qe1+ 40. Kg2 Qxd1 41. Qf5+ Kg8 42. Qe6+ Kf8 43. Qf5+ Ke8 44. Qc8+ Kf7 45. Qf5+ Ke8 46. Qc8+ Kf7 47. Qf5+ 1/2-1/2